Formation pour l'agriculture et le développement rural (Record no. 21178)

MARC details
000 -LEADER
fixed length control field 00686 a2200277 4500
020 ## - NUMERO INTERNATIONAL NORMALISE DES LIVRES
International Standard Book Number 92-200164-6
130 ## - VEDETTE PRINCIPALE - TITRE UNIFORME
Language of a work Fr
260 ## - PUBLICATION, DISTRIBUTION, ETC. (IMPRINT)
Place of publication, distribution, etc Rome
260 ## - PUBLICATION, DISTRIBUTION, ETC. (IMPRINT)
Name of publisher, distributor, etc FAO
245 ## - TITLE STATEMENT
Title Formation pour l'agriculture et le développement rural
260 ## - PUBLICATION, DISTRIBUTION, ETC. (IMPRINT)
Date of publication, distribution, etc 1976
300 ## - PHYSICAL DESCRIPTION
Extent X-157p.
300 ## - PHYSICAL DESCRIPTION
Other physical details ill., couv. ill. en coul.
440 ## - SERIES STATEMENT/ADDED ENTRY--TITLE
Number of part/section of a work 2
440 ## - SERIES STATEMENT/ADDED ENTRY--TITLE
Title FAO : développement économique et social
650 ## - SUBJECT ADDED ENTRY--TOPICAL TERM
Topical term or geographic name as entry element DEVELOPPEMENT RURAL
651 ## - SUBJECT ADDED ENTRY--GEOGRAPHIC NAME
Geographic name pays en développement
690 ## - LOCAL SUBJECT ADDED ENTRY--TOPICAL TERM (OCLC, RLIN)
Topical term or geographic name as entry element ville-campagne
690 ## - LOCAL SUBJECT ADDED ENTRY--TOPICAL TERM (OCLC, RLIN)
Topical term or geographic name as entry element travailleurs ruraux
690 ## - LOCAL SUBJECT ADDED ENTRY--TOPICAL TERM (OCLC, RLIN)
Topical term or geographic name as entry element secteur agricole
690 ## - LOCAL SUBJECT ADDED ENTRY--TOPICAL TERM (OCLC, RLIN)
Topical term or geographic name as entry element colonisation agraire
690 ## - LOCAL SUBJECT ADDED ENTRY--TOPICAL TERM (OCLC, RLIN)
Topical term or geographic name as entry element formation agricole
710 ## - ADDED ENTRY--CORPORATE NAME
Corporate name or jurisdiction name as entry element FAO
Holdings
Withdrawn status Lost status Damaged status Not for loan Location (home branch) Sublocation or collection (holding branch) Date acquired Koha issues (times borrowed) Koha full call number Koha date last seen Copy number Price effective from Koha item type Public note
        Bibliothèque-Centre de Documentation de la Faculté des Sciences Agronomiques Bibliothèque-Centre de Documentation de la Faculté des Sciences Agronomiques     126.ESR.11 27/02/2009 1 27/02/2009 Livre A.3561


© 2008, Bibliothèques de l'Université d'Abomey-Calavi

04 BP 789 Cotonou, Tél. : +229 21 36 01 01, Fax : +229 21 35 06 32

Courriel : bu@bu.uac.bj